| 000 | 00400nam a2200181Ia 4500 | ||
|---|---|---|---|
| 001 | 16806 | ||
| 005 | 20260306170338.0 | ||
| 008 | 260306t2003||||xx |||||||||||||| ||und|| | ||
| 041 | _aESP | ||
| 082 |
_a657 _bR68 |
||
| 100 |
_aRivero Ponce de León, Eduardo _eAUT |
||
| 245 | 0 | _aContabilidad I | |
| 260 | _c2003 | ||
| 300 |
_a _c |
||
| 650 | _aGEN | ||
| 654 | _aCCO | ||
| 942 |
_cLIB _dJUS _fJUS _2ddc _n |
||
| 999 |
_c16806 _d16806 |
||